EDUCATION for millennium development : essays in honour of Professor Michael Omolewa

Guardat en:
Dades bibliogràfiques
Format: Llibre
Idioma:anglès
Publicat: Spectrum Books 2008
Etiquetes: Afegir etiqueta
Sense etiquetes, Sigues el primer a etiquetar aquest registre!

MARC

LEADER 00000nam a22000007a 4500
008 211124b ||||| |||| 00| 0 eng d
020 |a 9789780298616 
245 |a EDUCATION for millennium development  |b : essays in honour of Professor Michael Omolewa  |c edited by Marcie Boucouvalas [and] Rashid Aderinoye  |g xxviii,636p.:ill. 
250 |c Boucouvalas, Marcie, Aderinoye, Rashid 
260 |b Spectrum Books  |c 2008  |h Ibadan  |i 667082  |l LA1631.Ed8  |m Omolewa, Michael  |m Education--Nigeria  |m Education--Philosophy  |m Adult education--Nigeria  |m Adult education 
500 |a It includes index and references 
942 |a lcc  |c BK  |e Kuteyi, M. A.  |f 24/11/2021 
952 |0 0  |1 0  |2 lcc  |4 0  |6 LA1631 E D8  |7 0  |9 3914  |a HOL  |b HOL  |c LP  |d 2021-11-24  |l 0  |o LA1631.Ed8  |p 2021-67637  |r 2021-11-24 00:00:00  |w 2021-11-24  |y BK 
999 |c 1954  |d 1954